|
|
|
|
| LEADER |
00000nab a2200000ua 4500 |
| 001 |
vtls010841650 |
| 003 |
SK-MaSNL |
| 005 |
20260304234844.0 |
| 008 |
230218s1955 xo |||||||||||||||||slo| |
| 035 |
|
|
|a (urnnbn)urn:nbn:sk:snk:ar-a06ymf
|
| 035 |
|
|
|a urn:nbn:sk:snk-ab645h
|
| 035 |
|
|
|a (uuid)9734a6a6-2917-47cc-b1bc-e3fc6335689e
|
| 040 |
|
|
|a SNKBUCL
|b slo
|c SNKBUCL
|e AACR2
|
| 041 |
0 |
|
|a slo
|
| 044 |
|
|
|a xo
|c SK
|
| 100 |
1 |
|
|a Gorek, Augustín,
|d 1924-1996
|4 aut
|9 120468
|
| 245 |
1 |
0 |
|a LOŽISKÁ MANGÁNOVÝCH RÚD SLOVENSKA :
|b II. MANGÁNOVÉ RUDY BRADLOVÉHO PÁSMA STREDNÉHO POVAŽIA
|c A. Gorek, A. Nemčok, D. Andrusov
|
| 700 |
1 |
|
|a Nemčok, Arnold,
|d 1926-1985
|4 aut
|9 38625
|
| 700 |
1 |
|
|a Andrusov, Dimitrij,
|d 1897-1976
|4 aut
|9 37244
|
| 773 |
0 |
|
|t Geologický sborník
|g Roč. 6, č. 1-2 (1955), s. 104-118
|
| 954 |
|
|
|a odborná, vedecká literatúra pôvodná (slovenská)
|2 lita
|
| 958 |
|
|
|a OND
|
| 958 |
|
|
|a EUIPO
|
| 958 |
|
|
|a article5
|
| 999 |
|
|
|c 3205913
|d 3207843
|